| 000 | 00341nam a22001457a 4500 | ||
|---|---|---|---|
| 003 | SGT | ||
| 020 | _a81-219-4250-0 | ||
| 082 |
_a615.32 _bP14K |
||
| 100 | _aKUMAR,G.S | ||
| 245 | _aA TEXTBOOK OF PHARMACOGNOSY & AND PHYTOCHEMISTRY | ||
| 260 |
_aNEW DELHI _bS.CHAND & COMPANY _c2014 |
||
| 300 | _a287 | ||
| 650 | _aPHARMACY | ||
| 942 |
_2ddc _cBK |
||
| 999 |
_c11201 _d11201 |
||